Siam report on mathematics in industry.

Guardado en:
Autor Corporativo: Society for Industrial and Applied Mathematics.
Formato: Libro
Idioma:English
Publicado: Philadelphia, PA : Society for Industrial and Applied Mathematics (SIAM), [1995 or 1996]
Materias:
Acceso en línea:Tabla de contenido
Etiquetas: Agregar Etiqueta
Sin Etiquetas, Sea el primero en etiquetar este registro!
LEADER 01048cam a22002535a 4500
001 EIQ.libpla000221
008 700928q19951996pau######b####000#0#eng#d
005 20060510183440.0
245 1 0 |a Siam report on mathematics in industry. 
260 |a Philadelphia, PA :  |b Society for Industrial and Applied Mathematics (SIAM),  |c [1995 or 1996] 
300 |a i, 41 p. ;  |c 28 cm. 
500 |a Datos tomados de la cubierta. 
504 |a Incluye referencias bibliográficas (p.39-41). 
246 3 0 |a Mathematics in industry 
650 4 |a Matematicas  |x Orientación profesional. 
650 4 |a Matemáticas para ingenieros  |x Informes. 
650 4 |a Matemáticas financiera  |x Informes. 
650 0 |a Mathematics  |x Vocational guidance. 
650 4 |a Engineering mathematics  |x Reports. 
650 0 |a Business mathematics  |x Reports. 
040 |a AR-BbSID  |b spa  |d AR-BbSID 
856 |u http://www.siam.org/mii/miihome.htm  |y Tabla de contenido  |z Acceso público 
110 2 |a Society for Industrial and Applied Mathematics. 
859 |a AR-BbSID  |b BIB. PLAPIQUI  |h 515.35  |i Sia 11  |p 4406